La Convención sobre los Derechos de las Personas con Discapacidad, fuente jurídica de la Seguridad Social. Investigación (Parte III) / (Registro nro. 6536)
[ vista simple ]
| 000 -LEADER | |
|---|---|
| fixed length control field | 01236nab a22002537a 4500 |
| 003 - CONTROL NUMBER IDENTIFIER | |
| control field | OSt |
| 005 - DATE AND TIME OF LATEST TRANSACTION | |
| control field | 20260223113029.0 |
| 008 - FIXED-LENGTH DATA ELEMENTS--GENERAL INFORMATION | |
| fixed length control field | 190506c xxu||||| |||| 00| 0 spa d |
| 040 ## - CATALOGING SOURCE | |
| Transcribing agency | PJ |
| 100 ## - MAIN ENTRY--PERSONAL NAME | |
| 9 (RLIN) | 4420 |
| Personal name | Toledo Ríos, Rafael E. |
| 245 13 - TITLE STATEMENT | |
| Title | La Convención sobre los Derechos de las Personas con Discapacidad, fuente jurídica de la Seguridad Social. Investigación (Parte III) / |
| Statement of responsibility, etc | Rafael E. Toledo Ríos. |
| 260 ## - PUBLICATION, DISTRIBUTION, ETC. (IMPRINT) | |
| Place of publication, distribution, etc | Buenos Aires : |
| Name of publisher, distributor, etc | AbeledoPerrot, |
| Date of publication, distribution, etc | 2024. |
| 300 ## - PHYSICAL DESCRIPTION | |
| Extent | p. 69-84 |
| 500 ## - GENERAL NOTE | |
| General note | Cita: TR LALEY AR/DOC/209/2024. |
| 505 ## - FORMATTED CONTENTS NOTE | |
| Formatted contents note | Sumario: XI. Última parte.— XII. Tribunales provinciales y federales con asiento en las provincias.— XIII. Las disposiciones convencionales que aplica la Seguridad Social.— XIV. Apéndice.— XV. Bibliografía. |
| 505 ## - FORMATTED CONTENTS NOTE | |
| Title | ¿Te interesa el texto completo? Comunicate al correo: koha@justierradelfuego.gov.ar |
| 650 #0 - SUBJECT ADDED ENTRY--TOPICAL TERM | |
| 9 (RLIN) | 1316 |
| Topical term or geographic name as entry element | DERECHO LABORAL |
| 650 #0 - SUBJECT ADDED ENTRY--TOPICAL TERM | |
| 9 (RLIN) | 4695 |
| Topical term or geographic name as entry element | SITUACIÓN DE VULNERABILIDAD |
| 650 #0 - SUBJECT ADDED ENTRY--TOPICAL TERM | |
| 9 (RLIN) | 3271 |
| Topical term or geographic name as entry element | PERSONAS CON DISCAPACIDAD |
| 650 #0 - SUBJECT ADDED ENTRY--TOPICAL TERM | |
| 9 (RLIN) | 1803 |
| Topical term or geographic name as entry element | RELACIONES LABORALES |
| 650 #0 - SUBJECT ADDED ENTRY--TOPICAL TERM | |
| 9 (RLIN) | 1323 |
| Topical term or geographic name as entry element | CONTRATO DE TRABAJO |
| 773 0# - HOST ITEM ENTRY | |
| Host Biblionumber | 2751 |
| Host Itemnumber | 3202 |
| Place, publisher, and date of publication | Buenos Aires : AbeledoPerrot, 2013- |
| Title | Revista de derecho laboral y seguridad social. Nº 6 - Marzo 2024 |
| 942 ## - ADDED ENTRY ELEMENTS (KOHA) | |
| Source of classification or shelving scheme | |
| Koha item type | Analítica Artículo de Revista |
No hay ítems disponibles.
